[Event "4NCL Division 1a"]
[Site "Birmingham, ENG"]
[Date "2016.03.19"]
[Round "7.143"]
[White "Greet, Andrew N"]
[Black "Harvey, Marcus R"]
[Result "1-0"]
[WhiteElo "2452"]
[BlackElo "2336"]
[PlyCount "83"]
[EventDate "2016.03.19"]
[WhiteTeam "Wood Green HK"]
[BlackTeam "Oxford 1"]

1. d4 Nf6 2. c4 e6 3. Nf3 Bb4+ 4. Bd2 Be7 5. g3 d5 6. Bg2 O-O 7. O-O b6 8. cxd5
exd5 9. Nc3 Bb7 10. Ne5 Nbd7 11. Qa4 Nxe5 12. dxe5 Nd7 13. Nxd5 Nc5 14. Qg4
Bxd5 15. Bh6 Ne6 16. Rfd1 Bxg2 17. Rxd8 Rfxd8 18. Kxg2 Rd4 19. Qf3 Rad8 20. Be3
Rb4 21. b3 Rb5 22. Qe4 g6 23. Rc1 a5 24. h4 h5 25. f4 a4 26. f5 Rb4 27. Rc4
gxf5 28. Qxf5 axb3 29. Rxb4 Bxb4 30. axb3 Ng7 31. Qe4 Bd2 32. Bf4 c5 33. Qc2
Bxf4 34. gxf4 Rc8 35. Qd3 Ne6 36. e3 Rd8 37. Qb5 Rd2+ 38. Kf3 Rb2 39. f5 Nf8
40. Qe8 Kg7 41. f6+ Kg8 42. e6 1-0

[Event "4NCL Division 1a"]
[Site "Birmingham, ENG"]
[Date "2016.03.19"]
[Round "7.144"]
[White "Eckersley-Waites, Tom"]
[Black "McDonald, Neil"]
[Result "0-1"]
[WhiteElo "2312"]
[BlackElo "2409"]
[PlyCount "48"]
[EventDate "2016.03.19"]
[WhiteTeam "Oxford 1"]
[BlackTeam "Wood Green HK"]

1. e4 d5 2. exd5 Qxd5 3. Nc3 Qd6 4. d4 Nf6 5. Nf3 g6 6. Ne5 Bg7 7. Bf4 Qd8 8.
Qf3 c6 9. Bc4 O-O 10. O-O-O Nbd7 11. Bb3 Nb6 12. Ne4 Nbd5 13. Nxf6+ exf6 14.
Nd3 a5 15. Bxd5 cxd5 16. g4 Qd7 17. h3 Qa4 18. Kb1 Qxd4 19. Rhe1 Be6 20. Bd6
Rfc8 21. Nc5 Qc4 22. b3 Qb4 23. Nxe6 Qxd6 24. Rxd5 Qe7 0-1

[Event "4NCL Division 1a"]
[Site "Birmingham, ENG"]
[Date "2016.03.19"]
[Round "7.145"]
[White "Fitzsimons, David"]
[Black "Claridge-Hansen, William"]
[Result "1-0"]
[WhiteElo "2388"]
[BlackElo "2295"]
[PlyCount "61"]
[EventDate "2016.03.19"]
[WhiteTeam "Wood Green HK"]
[BlackTeam "Oxford 1"]

1. e4 c5 2. Nf3 g6 3. d4 cxd4 4. Qxd4 Nf6 5. Nc3 Nc6 6. Qa4 d6 7. e5 dxe5 8.
Nxe5 Bd7 9. Nxd7 Qxd7 10. Be3 Bg7 11. Rd1 Qc8 12. g3 O-O 13. Bg2 Ng4 14. Bc1
Qe6+ 15. Qe4 Nd4 16. O-O Qxe4 17. Bxe4 Rad8 18. Bxb7 Nxc2 19. Nd5 Nd4 20. Nxe7+
Kh8 21. Kg2 Rb8 22. Ba6 Rfe8 23. Nd5 Red8 24. Nc3 Rb6 25. Bc4 Ne5 26. Bd5 Ndc6
27. f4 Nd3 28. Rxd3 Nb4 29. Rdd1 Bxc3 30. bxc3 Nxd5 31. c4 1-0

[Event "4NCL Division 1a"]
[Site "Birmingham, ENG"]
[Date "2016.03.19"]
[Round "7.146"]
[White "Hansen, Hans-Peter"]
[Black "Pein, Malcolm"]
[Result "1/2-1/2"]
[WhiteElo "2259"]
[BlackElo "2357"]
[PlyCount "219"]
[EventDate "2016.03.19"]
[WhiteTeam "Oxford 1"]
[BlackTeam "Wood Green HK"]

1. c4 e5 2. g3 Nf6 3. Bg2 Nc6 4. Nc3 Bb4 5. Nd5 Bc5 6. Nf3 e4 7. Nh4 O-O 8. O-O
Re8 9. d3 exd3 10. Qxd3 Ne5 11. Qc2 c6 12. Be3 cxd5 13. Bxc5 Qc7 14. Bd4 dxc4
15. b3 d5 16. bxc4 dxc4 17. Rab1 Qa5 18. a4 Bd7 19. Rxb7 Rec8 20. Ra1 Bc6 21.
Bxc6 Nxc6 22. Bxf6 gxf6 23. Qxc4 Nd8 24. Qg4+ Qg5 25. Rb4 a5 26. Nf3 Qg6 27.
Rc4 Ne6 28. Rac1 Qxg4 29. Rxg4+ Kf8 30. Rxc8+ Rxc8 31. Rh4 Kg8 32. Nd4 Rc1+ 33.
Kg2 Nc5 34. Rh5 Rc4 35. Nc6 Nxa4 36. Nxa5 Rc2 37. Rh4 Nc3 38. Rc4 Ra2 39. Rxc3
Rxa5 40. Rc4 Ra2 41. Kf3 Rb2 42. Rc5 Rb3+ 43. e3 Rb2 44. g4 Kg7 45. h4 h6 46.
Kg3 Re2 47. Ra5 Rb2 48. f3 Rb3 49. Kf4 Rb4+ 50. e4 Rb3 51. Ra1 Rc3 52. Re1 Ra3
53. Re3 Ra1 54. Rd3 Ra5 55. Rd5 Ra3 56. g5 fxg5+ 57. hxg5 hxg5+ 58. Rxg5+ Kf6
59. Rf5+ Ke6 60. Rb5 Rc3 61. Rb6+ Ke7 62. Ra6 Rb3 63. Kg4 Re3 64. Kf4 Re1 65.
Ke5 Rb1 66. Ra7+ Kf8 67. Kf6 Rb6+ 68. Kf5 Kg7 69. e5 Rc6 70. f4 Rb6 71. Rd7 Ra6
72. Ke4 Ra4+ 73. Rd4 Ra1 74. f5 Re1+ 75. Kd5 Rf1 76. Rg4+ Kf8 77. f6 Ke8 78.
Ra4 Rd1+ 79. Ke4 Re1+ 80. Kf5 Rf1+ 81. Ke4 Re1+ 82. Kd5 Rd1+ 83. Rd4 Ra1 84.
Kc6 Ra6+ 85. Kc7 Ra7+ 86. Kb6 Ra1 87. Rd5 Rb1+ 88. Kc7 Rc1+ 89. Kd6 Ra1 90. Rd4
Ra6+ 91. Kd5 Ra5+ 92. Ke4 Ra1 93. Kf5 Rf1+ 94. Rf4 Re1 95. Ra4 Rf1+ 96. Kg4
Rg1+ 97. Kf4 Rf1+ 98. Kg4 Rg1+ 99. Kf3 Rf1+ 100. Ke2 Rf5 101. Ra5 Rh5 102. Ke3
Rh1 103. Ra8+ Kd7 104. Ra7+ Ke6 105. Re7+ Kf5 106. Kd4 Rd1+ 107. Kc5 Re1 108.
Kd6 Rd1+ 109. Kc6 Rd2 110. Rxf7 1/2-1/2

[Event "4NCL Division 1a"]
[Site "Birmingham, ENG"]
[Date "2016.03.19"]
[Round "7.147"]
[White "Longson, Sarah N"]
[Black "Rose, Matthew"]
[Result "1/2-1/2"]
[WhiteElo "2109"]
[BlackElo "2285"]
[PlyCount "122"]
[EventDate "2016.03.19"]
[WhiteTeam "Wood Green HK"]
[BlackTeam "Oxford 1"]

1. e4 c5 2. Nf3 d6 3. Bb5+ Bd7 4. Bxd7+ Qxd7 5. c4 Nc6 6. d4 cxd4 7. Nxd4 g6 8.
Nc3 Bg7 9. Be3 Nf6 10. f3 O-O 11. Rc1 Rfc8 12. b3 Qd8 13. O-O a6 14. Qd2 Qa5
15. Nxc6 bxc6 16. c5 dxc5 17. Na4 Qxd2 18. Bxd2 Nd7 19. Be3 Bd4 20. Kf2 Rab8
21. Ke2 e5 22. Rc2 f5 23. exf5 gxf5 24. Rfc1 Re8 25. Kd2 Rb4 26. Rc4 Bxe3+ 27.
Kxe3 e4 28. fxe4 Rxe4+ 29. Rxe4 Rxe4+ 30. Kd2 Re5 31. Kd3 Kf7 32. Rc4 Re1 33.
Rc2 Re5 34. Rc4 Rd5+ 35. Kc3 Re5 36. Kd3 a5 37. Rh4 Kg6 38. Rc4 h6 39. g4 Rd5+
40. Ke3 Re5+ 41. Kd3 Kg5 42. gxf5 Rxf5 43. Rc2 Kg4 44. Nc3 Kf3 45. Na4 Rd5+ 46.
Kc3 Nf6 47. Nb6 Ne4+ 48. Kb2 Rh5 49. Nc4 Nf2 50. Nd2+ Kf4 51. Nf1 Nd3+ 52. Kc3
Nb4 53. Rf2+ Ke5 54. Ng3 Rh4 55. Re2+ Kd5 56. a3 Na6 57. Nf5 Rh3+ 58. Ne3+ Ke4
59. Kd2 Nc7 60. Nc4+ Kd5 61. Ne3+ Kd6 1/2-1/2

[Event "4NCL Division 1a"]
[Site "Birmingham, ENG"]
[Date "2016.03.19"]
[Round "7.148"]
[White "Matta, Francesca"]
[Black "Craft, Isaac"]
[Result "1/2-1/2"]
[WhiteElo "1975"]
[BlackElo "2037"]
[PlyCount "130"]
[EventDate "2016.03.19"]
[WhiteTeam "Oxford 1"]
[BlackTeam "Wood Green HK"]

1. d4 Nf6 2. c4 e6 3. Nc3 Bb4 4. g3 O-O 5. Bg2 d5 6. cxd5 exd5 7. Bg5 c6 8. Nf3
Qa5 9. Bd2 Ne4 10. Nxe4 dxe4 11. Ne5 Bxd2+ 12. Qxd2 Qxd2+ 13. Kxd2 f5 14. Rhd1
Nd7 15. Nxd7 Bxd7 16. Ke1 Be6 17. e3 Bd5 18. Rd2 g5 19. b3 f4 20. Rc1 Rae8 21.
Rc3 Re6 22. b4 Rh6 23. h3 fxg3 24. fxg3 Rhf6 25. Rcc2 Kf7 26. Rf2 Ke7 27. a3
Kd6 28. Rxf6+ Rxf6 29. Rf2 Rxf2 30. Kxf2 b6 31. Ke1 c5 32. dxc5+ bxc5 33. Kd2
cxb4 34. axb4 Bc6 35. Kc3 Kd5 36. Bf1 Bd7 37. h4 gxh4 38. gxh4 h6 39. Ba6 Bc6
40. Bc4+ Ke5 41. Be2 Kd5 42. b5 Bb7 43. Kb4 Bc8 44. Bc4+ Kd6 45. Bf7 Bb7 46.
Kc4 a6 47. bxa6 Bxa6+ 48. Kd4 Bd3 49. Bd5 Bc2 50. Bxe4 Bd1 51. Bf5 Bf3 52. Bg6
Bg2 53. Be4 Bh3 54. Bd5 Bf5 55. h5 Bg4 56. Bf7 Bf3 57. e4 Bxe4 58. Kxe4 Ke7 59.
Bc4 Kf6 60. Kf4 Kg7 61. Kf5 Kh8 62. Kf6 Kh7 63. Bd3+ Kg8 64. Kg6 Kh8 65. Kxh6
Kg8 1/2-1/2